Meilleur attaque spe 2g - Statistiques

Statistiques générales
  • Ce quiz a été pris 12 fois
  • Le résultat moyen est 10 sur 13
Statistiques - réponses
Hint Réponse % Correct
100 celebi
100%
110 demolosse
100%
110 ho-oh
100%
140 mega demolosse
100%
115 raikou
100%
109 typhlosion
100%
165 mega pharamp
75%
130 mentali
75%
105 octillery
75%
115 pharamp
75%
105 porygon 2
50%
100 roigada
50%
105 heliatronc
25%
Aucun quiz correspondant
Distribution des résultats
% des personnes avec chaque résultat
Percentile par nombre de réponses
Votre historique - résultats
Vous n’avez pas pris ce quiz